000 01026nas a2200361 4500
001 BR2014001715
003 BR-BrBNA
005 20231205123828.0
007 ta
008 230509b bl.|||p| |||| 00| 00por d
040 _aBR-BrBNA
_bpor
_cBiblioteca Nacional de Agricultura
041 _a(Pt)
072 _aF03
100 1 _aZucareli, C.
100 1 _aBrzezinski, C.R.
100 1 _aAbati, J.
100 1 _aHenning, F.a.
100 1 _aRamos Junior, E.U.
100 1 _aNakagawa, J.
245 1 _aLixiviação de íons potássio, cálcio e magnésio para determinação do vigor em sementes de milho doce
650 _aMILHO DOCE
650 _aSEMENTE
650 _aPOTÁSSIO
650 _aCÁLCIO
650 _aMAGNÉSIO
650 _aÍON
650 _aLIXIVIAÇÃO
650 _aTESTE DE VIGOR
650 _aQUALIDADE
773 0 _tInformativo ABRATES (Brazil)
_xISSN 0103-667X
_g(Dez 2013), v. 23(3) p. 56-60
_wBR2014001715
909 _a202311
_bLúcia
_c55
_dLúcia Elande
942 _2AGRIS
_n0
_cANA
999 _c235913
_d235913